[Event "34th Chess Olympiad (men)"]
[Site "Istanbul"]
[Date "2000.11.08"]
[Round "11.26.1"]
[White "Fedorov, Alexei"]
[Black "Zulfugarli, Magomed"]
[WhiteElo "2646"]
[BlackElo "2510"]
[WhiteCountry "BLR"]
[BlackCountry "AZE"]
[Result "1-0"]

1. e4 c5 2. d3 Nc6 3. g3 g6 4. Bg2 Bg7 5. f4 e6 6. Nf3 Nge7 7. O-O O-O 8. c3 d6 
9. Na3 b6 10. Be3 Qd7 11. Nc2 Ba6 12. Re1 e5 13. f5 d5 14. g4 gxf5 
15. gxf5 dxe4 16. dxe4 Qxd1 17. Raxd1 Rad8 18. Bf1 Bb7 19. Na3 Rxd1 
20. Rxd1 Rd8 21. Rxd8+ Nxd8 22. Nd2 Kf8 23. Nac4 Nc8 24. a4 Ke8 25. Kf2 f6 
26. b4 cxb4 27. cxb4 Bf8 28. b5 Bb4 29. Bd3 Nf7 30. Nf1 Nfd6 31. Ncd2 Ba8 
32. Ng3 Nb7 33. Nb3 Ncd6 34. Kf3 Ke7 35. Bc2 Nc4 36. Bh6 Nbd6 37. Ke2 Bc3 
38. Nd2 Na5 39. h4 Bb4 40. h5 Ba3 41. Bg7 Ne8 42. h6 Kf7 43. Nh5 Bf8 
44. Bb1 Nxg7 45. Ba2+ Ne6 46. fxe6+ Ke7 47. Ng7 Bb7 48. Kf3 Bc8 49. Nf1 Nb7 
50. Ne3 
1-0

[Event "34th Chess Olympiad (men)"]
[Site "Istanbul"]
[Date "2000.11.08"]
[Round "11.26.2"]
[White "Maherramzade, Javad"]
[Black "Aleksandrov, Aleksej"]
[WhiteElo "2433"]
[BlackElo "2591"]
[WhiteCountry "AZE"]
[BlackCountry "BLR"]
[Result "1/2-1/2"]

1. d4 Nf6 2. Nf3 e6 3. c4 d5 4. g3 dxc4 5. Bg2 Nc6 6. Qa4 Bb4+ 7. Bd2 Nd5 
8. Bxb4 Ndxb4 9. Na3 a6 10. O-O O-O 11. Ne5 Qxd4 12. Nxc6 Nxc6 13. Bxc6 bxc6 
14. Nxc4 Rb8 15. Qc2 Rb5 16. Rac1 Qg4 17. Rfd1 Qh3 18. f3 h5 19. Rd4 Rg5 
20. Qd2 e5 21. Qxg5 exd4 22. Qe5 h4 23. g4 f5 24. g5 f4 25. Qxd4 Qf5 
26. Qe5 Be6 27. b3 Bd5 28. e4 fxe3 29. Qxf5 Rxf5 30. Nxe3 Rxg5+ 31. Kf2 Rg6 
32. Rd1 Kf7 33. Rd4 Rf6 34. Nxd5 cxd5 35. Rxd5 Rc6 36. Kg2 Rc2+ 37. Kh3 Rxa2 
38. Rc5 Kf6 39. Kxh4 Rxh2+ 40. Kg3 Rb2 
1/2-1/2

[Event "34th Chess Olympiad (men)"]
[Site "Istanbul"]
[Date "2000.11.08"]
[Round "11.26.3"]
[White "Kovalev, Andrei"]
[Black "Mirzoev, Azer"]
[WhiteElo "2537"]
[BlackElo "2414"]
[WhiteCountry "BLR"]
[BlackCountry "AZE"]
[Result "1/2-1/2"]

1. e4 e6 2. d3 d5 3. Qe2 Nf6 4. Nf3 c5 5. g3 Nc6 6. Bg2 Be7 7. O-O O-O 
8. e5 Nd7 9. c4 Re8 10. h4 Nf8 11. h5 b6 12. Nc3 Bb7 13. Bf4 Qd7 14. Rad1 Red8 
15. h6 g6 16. Rfe1 Qe8 17. Nb5 Rd7 18. Ng5 a6 19. Nd6 Nd4 20. Qg4 Bxd6 
21. exd6 Qd8 22. Be5 Nf5 23. cxd5 
1/2-1/2

[Event "34th Chess Olympiad (men)"]
[Site "Istanbul"]
[Date "2000.11.08"]
[Round "11.26.4"]
[White "Bagirov, Rufat"]
[Black "Kupreichik, Viktor D"]
[WhiteElo "2471"]
[BlackElo "2472"]
[WhiteCountry "AZE"]
[BlackCountry "BLR"]
[Result "1/2-1/2"]

1. d4 d5 2. c4 c6 3. Nf3 Nf6 4. Nc3 dxc4 5. a4 Bf5 6. e3 e6 7. Bxc4 Bb4 
8. O-O O-O 9. Nh4 Bg4 10. f3 Bh5 11. g4 Nd5 12. Ng2 Bg6 13. Qb3 a5 14. e4 Nb6 
15. Be3 Nxc4 16. Qxc4 Nd7 17. Rad1 Rc8 18. Qb3 Qe7 19. Na2 Bd6 20. Qxb7 c5 
21. dxc5 Nxc5 22. Qxe7 Bxe7 23. Nc3 Rb8 24. Rd2 Rb4 25. Nf4 Rfb8 26. Rff2 f6 
27. Kg2 Be8 28. Bxc5 Bxc5 29. Rfe2 R4b6 30. e5 Kf7 31. Ne4 Bb4 32. Rc2 fxe5 
33. Nd3 Bxa4 34. Rc7+ Be7 35. Nc3 Be8 36. Nxe5+ Kf8 37. Nd3 Bf6 38. Ne4 Bb5 
39. Nec5 Kg8 40. Kg3 Rd8 41. g5 Bxd3 42. Nxd3 Bxg5 43. Nc5 e5 44. Rxe5 Rg6 
45. Re6 Bf6+ 46. Kf4 Bxb2 47. Rxg6 hxg6 48. Ra7 Bc1+ 49. Ke4 Re8+ 50. Kd5 Rf8 
51. Ne6 Rf5+ 52. Ke4 Rf6 53. Kd5 Kh8 54. h4 Rxf3 55. Rxg7 a4 56. Ra7 a3 
57. Ng5 Rf5+ 58. Ke4 Kg8 59. Ra8+ Rf8 60. Ra6 Rf4+ 61. Ke5 Rxh4 62. Kf6 Bb2+ 
63. Kxg6 Kf8 64. Nf3 Rc4 65. Kf5 Ke7 66. Nd2 Rc1 67. Ra4 Kd7 68. Nc4 Ra1 
69. Ke4 Kc6 70. Ra5 Rh1 71. Nxa3 Rh4+ 72. Kf3 Bxa3 73. Kg3 Be7 74. Ra6+ Kd5 
75. Ra5+ Ke6 76. Ra6+ Kf7 77. Kf3 Bf6 78. Ke3 Kg6 79. Ra5 Rh1 80. Rb5 Re1+ 
81. Kd3 Be5 82. Kd2 Re4 83. Kd3 Kf5 84. Rb7 Rd4+ 85. Ke3 Rh4 86. Rf7+ Bf6 
87. Kd3 Rh3+ 88. Kc4 Ke6 89. Ra7 Rc3+ 90. Kb5 Be5 91. Kb4 Rc6 92. Ra8 Kd5 
93. Rd8+ Bd6+ 94. Kb3 Kd4 95. Rh8 Rc3+ 96. Ka4 Kd5 97. Kb5 Rb3+ 98. Ka4 Rb4+ 
99. Ka5 Rb7 100. Ka4 Bc5 101. Rh4 Bd4 102. Ka5 Kc4 103. Rh6 Ra7+ 104. Ra6 Rh7 
105. Rg6 Be3 106. Rg4+ Kc5 107. Ka4 Rb7 108. Ka3 Bd4 109. Rg8 Kc4 
110. Rc8+ Bc5+ 111. Ka2 Rb5 112. Ra8 Kc3 113. Ra6 Kc2 114. Ra8 Rb4 115. Ra6 Rb3 
116. Ra8 Rb1 117. Ra6 Rb2+ 118. Ka1 Kc1 119. Rh6 Rb5 120. Ra6 Rb4 121. Ka2 Kc2 
122. Ra8 Rb6 123. Ra4 Bb4 
1/2-1/2

[Event "34th Chess Olympiad (men)"]
[Site "Istanbul"]
[Date "2000.11.08"]
[Round "11.27.1"]
[White "Mitkov, Nikola"]
[Black "Campora, Daniel H"]
[WhiteElo "2532"]
[BlackElo "2526"]
[WhiteCountry "FRM"]
[BlackCountry "ARG"]
[Result "1/2-1/2"]

1. e4 c6 2. d4 d5 3. e5 Bf5 4. c3 e6 5. Be3 Nd7 6. Nd2 h5 7. Be2 h4 8. f4 Be7 
9. Qb3 Qc7 10. Ngf3 Nh6 11. h3 Bg6 12. Bf2 Nf5 13. c4 dxc4 14. Nxc4 Nb6 
15. Nxb6 Qxb6 16. Qxb6 axb6 17. O-O b5 18. Rfd1 Bh5 19. a3 O-O 20. Rd3 Rfd8 
21. Rad1 Rd7 22. Kf1 Bg6 23. Rc3 Bh5 24. Ng1 Bxe2+ 25. Kxe2 Rad8 26. Rcd3 Rd5 
27. Nf3 Kh7 28. R1d2 Kh6 29. Rd1 Kh5 30. b4 Ra8 31. Rb3 Rdd8 32. Rc3 Rg8 
33. Kf1 g5 34. fxg5 Bxg5 35. Rdd3 Rg6 36. Rc2 Rag8 37. Re2 Be7 38. Be1 R6g7 
39. Rc2 Bd8 40. Re2 Bg5 41. Bf2 Bd8 42. Be1 Be7 43. Rc2 Bd8 
1/2-1/2

[Event "34th Chess Olympiad (men)"]
[Site "Istanbul"]
[Date "2000.11.08"]
[Round "11.27.2"]
[White "Giaccio, Alfredo"]
[Black "Jacimovic, Dragoljub"]
[WhiteElo "2505"]
[BlackElo "2465"]
[WhiteCountry "ARG"]
[BlackCountry "FRM"]
[Result "0-1"]

1. e4 e6 2. Nc3 d5 3. Nf3 Nf6 4. e5 Nfd7 5. d4 c5 6. dxc5 Nc6 7. Bf4 Nxc5 
8. Bd3 Be7 9. h4 f6 10. exf6 gxf6 11. Bh6 Qb6 12. O-O Bd7 13. a3 Nxd3 
14. cxd3 Kf7 15. Be3 Qd8 16. d4 Rg8 17. Bf4 Rg4 18. Bg3 Qg8 19. Ng5+ Rxg5 
20. hxg5 Qxg5 21. Qd3 Qg6 22. Rfd1 Qg5 23. Qe3 Qxe3 24. Rd2 Qd3 25. Rxd3 Na5 
26. a4 a6 27. Bc7 Nc6 28. Rad1 Rc8 29. Bb6 Bd6 30. Rh3 Kg7 31. Bc5 Bc7 
32. Rh4 b6 33. Ba3 Na5 34. Re1 Re8 35. b4 Nc4 36. Bc1 Bd6 37. Bh6+ Kg6 
38. b5 Bb4 39. Rc1 axb5 40. Nxb5 Ra8 41. Nc3 Bxa4 42. g3 Bxc3 43. Rxc3 b5 
44. Bc1 Bd1 45. g4 Ra1 46. Kg2 b4 47. Rh6+ Kg7 48. Rch3 Bc2 49. Rh1 b3 
50. g5 fxg5 51. Rxe6 Be4+ 52. f3 Rxc1 53. Rxc1 b2 54. Re1 b1=Q 55. Rxb1 Bxb1 
56. Kg3 Bf5 
0-1

[Event "34th Chess Olympiad (men)"]
[Site "Istanbul"]
[Date "2000.11.08"]
[Round "11.27.3"]
[White "Bogdanovski, Vlatko"]
[Black "Hoffman, Alejandro"]
[WhiteElo "2435"]
[BlackElo "2491"]
[WhiteCountry "FRM"]
[BlackCountry "ARG"]
[Result "0-1"]

1. d4 c5 2. d5 g6 3. e4 d6 4. Bb5+ Bd7 5. a4 Nf6 6. Nc3 Bg7 7. Nf3 O-O 
8. O-O Bxb5 9. axb5 Nbd7 10. Qe2 Ne8 11. Bf4 Nb6 12. Rfd1 Nc7 13. e5 Qd7 
14. Bg3 Rfd8 15. h4 Qf5 16. Ne4 Ncxd5 17. exd6 Re8 18. c4 exd6 19. Nxd6 Rxe2 
20. Nxf5 Bxb2 21. cxd5 Bxa1 22. Nd6 Bb2 23. Nxb7 c4 24. Kf1 Re7 25. Na5 c3 
26. Nd4 Nxd5 27. Nac6 Rb7 28. Nc2 Nf6 29. Rd6 Ne4 
0-1

[Event "34th Chess Olympiad (men)"]
[Site "Istanbul"]
[Date "2000.11.08"]
[Round "11.27.4"]
[White "Soppe, Guillermo"]
[Black "Kizov, Atanas"]
[WhiteElo "2471"]
[BlackElo "2306"]
[WhiteCountry "ARG"]
[BlackCountry "FRM"]
[Result "1-0"]

1. d4 Nf6 2. Nf3 g6 3. c4 Bg7 4. Nc3 O-O 5. e4 d6 6. Be2 c6 7. O-O e5 8. d5 Na6 
9. Bg5 h6 10. Bh4 g5 11. Bg3 Nc5 12. Nd2 a5 13. b3 Bd7 14. a3 cxd5 15. cxd5 b5 
16. b4 axb4 17. axb4 Na4 18. Nxa4 bxa4 19. Qb1 h5 20. f3 Bh6 21. Nc4 Bb5 
22. Ra2 Bxc4 23. Bxc4 g4 24. Bh4 Qb6+ 25. Kh1 Nh7 26. fxg4 hxg4 27. Be2 Bg5 
28. Bxg5 Nxg5 29. Bxg4 Kg7 30. Bf5 Rh8 31. Qc1 f6 32. Qc6 Qxb4 33. Qd7+ Nf7 
34. Bg6 Raf8 35. Qe7 f5 36. Bxf7 Rxf7 37. Qg5+ Kf8 38. Rc2 
1-0

[Event "34th Chess Olympiad (men)"]
[Site "Istanbul"]
[Date "2000.11.08"]
[Round "11.28.1"]
[White "Egger, Jorge"]
[Black "Johannessen, Leif Erlend"]
[WhiteElo "2433"]
[BlackElo "2422"]
[WhiteCountry "CHI"]
[BlackCountry "NOR"]
[Result "0-1"]

1. e4 e6 2. d4 d5 3. Nc3 Bb4 4. e5 c5 5. a3 Bxc3+ 6. bxc3 Qc7 7. Qg4 f5 
8. Qh5+ g6 9. Qd1 Bd7 10. Nf3 Ba4 11. Bd3 cxd4 12. cxd4 Qc3+ 13. Bd2 Qxd3 
14. cxd3 Bxd1 15. Kxd1 Nc6 16. h4 h6 17. Ke2 Nge7 18. a4 Kd7 19. a5 Nd8 
20. Rhb1 Nec6 21. Rb5 Rb8 22. Rg1 Nf7 23. g4 fxg4 24. Rxg4 Rhg8 25. Rb1 h5 
26. Rg2 Rg7 27. Rbg1 Rbg8 28. Rb1 Kc7 29. Rgg1 Rb8 30. Rgc1 Kd7 31. Rc5 Rgg8 
32. Rcb5 Kc7 33. R5b2 Nfd8 34. Rc2 Kd7 35. Ra2 Ne7 36. Bb4 Nf5 37. Bc5 Nc6 
38. Rab2 Kc7 39. Rb5 Rg7 40. Kd2 Kc8 41. Rc1 Kd7 42. Rcb1 Kc8 43. Kc3 Rc7 
44. Rg1 Nxa5 45. Rxg6 Kd7 46. Ng5 b6 47. Rxe6 Nb7 48. Rf6 Ne7 49. Ne6 Rcc8 
50. Kd2 bxc5 51. Rxb7+ Rxb7 52. Nxc5+ Rxc5 53. dxc5 a5 54. Ra6 Nc6 55. f4 Kc7 
56. Ke3 Rb1 57. f5 Kb7 58. Rb6+ Rxb6 59. cxb6 Nxe5 60. Kd4 Ng4 
0-1

[Event "34th Chess Olympiad (men)"]
[Site "Istanbul"]
[Date "2000.11.08"]
[Round "11.28.2"]
[White "Elsness, Frode"]
[Black "Valenzuela, Luis"]
[WhiteElo "2383"]
[BlackElo "2426"]
[WhiteCountry "NOR"]
[BlackCountry "CHI"]
[Result "1-0"]

1. d4 d5 2. c4 c6 3. Nf3 Nf6 4. Nc3 e6 5. Bg5 h6 6. Bh4 dxc4 7. e4 g5 8. Bg3 b5 
9. Be2 Bb7 10. h4 g4 11. Ne5 h5 12. O-O Bg7 13. f3 O-O 14. fxg4 hxg4 
15. Bxg4 c5 16. d5 exd5 17. exd5 b4 18. Nb5 Bxd5 19. Rxf6 Bxf6 20. Bf5 Re8 
21. Ng4 Bg7 22. Nc7 Bc6 23. Nxe8 Qxe8 24. Qd6 Qf8 25. Nf6+ Kh8 26. Qd1 
1-0

[Event "34th Chess Olympiad (men)"]
[Site "Istanbul"]
[Date "2000.11.08"]
[Round "11.28.3"]
[White "Salas, Cristian"]
[Black "Lie, Kjetil A"]
[WhiteElo "2300"]
[BlackElo "2284"]
[WhiteCountry "CHI"]
[BlackCountry "NOR"]
[Result "1/2-1/2"]

1. d4 Nf6 2. c4 c5 3. d5 e6 4. Nc3 exd5 5. cxd5 d6 6. e4 g6 7. Bd3 Bg7 
8. Nge2 O-O 9. O-O Re8 10. Ng3 Nbd7 11. h3 a6 12. a4 Rb8 13. f4 Qc7 14. Be3 c4 
15. Bc2 Nc5 16. Qf3 Nfd7 17. Qf2 b5 18. axb5 axb5 19. e5 b4 20. Nce4 Nxe4 
21. Nxe4 dxe5 22. f5 Rf8 23. f6 Bh8 24. Qh4 Rd8 25. d6 Qc6 26. Ra5 Bb7 
27. Rf2 Ra8 28. Ng5 Nf8 29. Be4 Qd7 30. Rxa8 Rxa8 31. Bxb7 Qxb7 32. Qxc4 Rc8 
33. Qb3 h6 34. d7 Qxd7 35. Ne4 Ne6 36. Qxb4 Qd3 37. Qb7 Rd8 38. Bxh6 Qd4 
39. Kh2 Nc5 40. Nxc5 Qxf2 41. Ne4 Qd4 42. Bd2 Qd5 43. Qxd5 Rxd5 44. Kg3 Rd3+ 
45. Kg4 Bxf6 46. Nxf6+ Kg7 47. Bg5 Rb3 48. h4 Rxb2 49. Kf3 Rb6 50. Ne8+ Kf8 
51. Nf6 Kg7 52. Ne8+ Kf8 53. Nf6 Kg7 54. Ke4 
1/2-1/2

[Event "34th Chess Olympiad (men)"]
[Site "Istanbul"]
[Date "2000.11.08"]
[Round "11.28.4"]
[White "Gabrielsen, Stig"]
[Black "Abarca, Manuel"]
[WhiteElo "2305"]
[BlackElo "2000"]
[WhiteCountry "NOR"]
[BlackCountry "CHI"]
[Result "0-1"]

1. e4 c5 2. Nf3 d6 3. d4 cxd4 4. Nxd4 Nf6 5. Nc3 Nc6 6. Bg5 e6 7. Qd2 a6 
8. O-O-O Bd7 9. f3 Be7 10. h4 Nxd4 11. Qxd4 Rc8 12. Kb1 Qa5 13. Qd2 h6 
14. Be3 e5 15. g3 Be6 16. Bh3 b5 17. Bxe6 fxe6 18. g4 Nd7 19. h5 Nb6 
20. Bxb6 Qxb6 21. f4 exf4 22. Qxf4 Rf8 23. Qg3 Qf2 24. Qxf2 Rxf2 25. a3 Rc5 
26. Rhf1 Rxf1 27. Rxf1 Bf6 28. Nd1 Rg5 29. Rg1 Bd4 30. Rg2 Re5 31. Re2 Rg5 
32. Rg2 Ke7 33. Kc1 g6 34. hxg6 h5 35. Kd2 Rxg4 36. Rh2 h4 37. c3 Be5 
38. Rh1 Kf6 39. Nf2 Rg2 40. Ke3 Bg3 41. Nd3 Rc2 42. Kf3 Kxg6 43. a4 Kf6 
44. axb5 axb5 45. Ra1 Rd2 46. Rh1 b4 47. Rc1 Rxd3+ 48. Ke2 Bf4 
0-1

[Event "34th Chess Olympiad (men)"]
[Site "Istanbul"]
[Date "2000.11.08"]
[Round "11.29.2"]
[White "Tissir, Mohamed"]
[Black "Sharavdorj, Dashzeveg"]
[WhiteElo "2342"]
[BlackElo "2448"]
[WhiteCountry "MAR"]
[BlackCountry "MGL"]
[Result "0-1"]

1. e4 e6 2. d4 d5 3. Nd2 c5 4. Ngf3 Nf6 5. e5 Ne4 6. c3 Nxd2 7. Bxd2 Nc6 
8. dxc5 Bxc5 9. b4 Bb6 10. Bd3 h6 11. O-O a6 12. Bb1 Bd7 13. a4 Rc8 14. Qe2 Ne7 
15. Rc1 Nf5 16. g3 O-O 17. Qd3 Rc4 18. h3 Re4 19. Kg2 f6 20. Re1 Qc7 
21. Rxe4 dxe4 22. Qxe4 Bc6 23. Qg4 Qxe5 24. Ba2 Qe2 25. Rf1 Kh8 26. Bb1 Qxd2 
27. Kg1 Qd5 
0-1

[Event "34th Chess Olympiad (men)"]
[Site "Istanbul"]
[Date "2000.11.08"]
[Round "11.29.3"]
[White "Erhembayar, Duurenbayar"]
[Black "Onkoud, Abdelaziz"]
[WhiteElo "2301"]
[BlackElo "2309"]
[WhiteCountry "MGL"]
[BlackCountry "MAR"]
[Result "1-0"]

1. d4 Nf6 2. c4 d6 3. Nc3 c6 4. e4 e5 5. Nf3 Nbd7 6. Be2 Be7 7. O-O O-O 
8. Qc2 a6 9. a4 a5 10. Nd1 Re8 11. Re1 Bf8 12. d5 Nc5 13. Nc3 h6 14. Be3 Na6 
15. Rad1 Qc7 16. h3 Bd7 17. Nh2 Qc8 18. Qd2 Nc5 19. Bxc5 dxc5 20. f4 cxd5 
21. cxd5 c4 22. Nf3 Bb4 23. Bf1 Qc5+ 24. Kh2 Bxc3 25. bxc3 Bxa4 26. Ra1 Bb3 
27. Nxe5 b5 28. g3 a4 29. Bg2 Rad8 30. Qb2 Ra8 31. Nc6 Nd7 32. e5 Rac8 
33. Qd2 f6 34. e6 Nf8 35. d6 Rxc6 36. d7 Rcc8 37. dxe8=Q Rxe8 38. e7 Ng6 
39. Qd8 Qxe7 40. Qxe8+ 
1-0

[Event "34th Chess Olympiad (men)"]
[Site "Istanbul"]
[Date "2000.11.08"]
[Round "11.29.4"]
[White "Bintafrit, Sameer"]
[Black "Byambaa, Zulzaga"]
[WhiteElo "2285"]
[BlackElo "2273"]
[WhiteCountry "MAR"]
[BlackCountry "MGL"]
[Result "0-1"]

1. e4 d6 2. d4 Nf6 3. Nc3 g6 4. f3 c6 5. Be3 b5 6. Qd2 Nbd7 7. g4 Nb6 8. h4 h5 
9. g5 Nfd7 10. d5 c5 11. Bxb5 a6 12. Be2 Ne5 13. b3 Bg7 14. a4 Rb8 15. a5 Na8 
16. Nh3 Nc7 17. Nf2 Nb5 18. Nxb5 axb5 19. Ra2 b4 20. Qd1 Ra8 21. f4 Nd7 
22. a6 Qb6 23. Qd3 O-O 24. O-O Nb8 25. Qb5 Qxb5 26. Bxb5 Bxa6 27. Nd3 Bb7 
28. Rxa8 Bxa8 29. Bc1 Bd4+ 30. Kh2 e6 31. dxe6 fxe6 32. Re1 Bc6 33. Bxc6 Nxc6 
34. Nb2 Bxb2 35. Bxb2 Rxf4 36. Kg3 Rg4+ 37. Kf3 Kf7 38. Ra1 Ke8 39. Ra8+ Kd7 
40. Bf6 e5 41. Rg8 Nd4+ 42. Ke3 Nxc2+ 43. Kd2 Rg2+ 44. Kd3 Na3 45. Rxg6 c4+ 
46. bxc4 b3 47. Rg7+ Kc8 48. Rg8+ Kb7 
0-1

[Event "34th Chess Olympiad (men)"]
[Site "Istanbul"]
[Date "2000.11.08"]
[Round "11.30.1"]
[White "Mas, Hafizul Hilmi"]
[Black "Echavarria, Johann"]
[WhiteElo "2441"]
[BlackElo "2328"]
[WhiteCountry "MAS"]
[BlackCountry "COL"]
[Result "1-0"]

1. g3 d5 2. Bg2 e5 3. c3 c6 4. d4 e4 5. c4 Be6 6. Nc3 Qd7 7. h4 f5 8. cxd5 cxd5 
9. Nh3 Nf6 10. Bg5 Be7 11. e3 Nc6 12. Nf4 Bf7 13. Bf1 g6 14. h5 O-O-O 
15. Qb3 Ng4 16. Bxe7 Nxe7 17. Qa3 Kb8 18. Bb5 Qc7 19. Be2 Nc6 20. Bxg4 fxg4 
21. hxg6 hxg6 22. Kd2 Qd7 23. Rac1 g5 24. Nfe2 Qe7 25. Qxe7 Nxe7 26. Rxh8 Rxh8 
27. b4 Rh2 28. Rf1 Be8 29. Nc1 Kc7 30. Nb3 Kd6 31. Ke2 Nf5 32. Rg1 b6 
33. a4 Bd7 34. Na1 Ke6 35. Nc2 Kd6 36. Na3 Ke6 37. Nab5 Bxb5+ 38. Nxb5 a5 
39. bxa5 bxa5 40. Nc7+ Kd6 41. Na6 Kd7 42. Nc5+ Kc6 43. Nb3 Kb6 44. Ke1 Nd6 
45. Kf1 Nc4 46. Ke2 Nb2 47. Nc5 Kc6 48. Rc1 Kd6 49. Rc2 Nd3 50. Nxd3 exd3+ 
51. Kxd3 Rh8 52. Rc5 Ra8 53. Rb5 Kc6 54. Kd2 Rf8 55. Ke2 Ra8 56. Rc5+ Kd6 
57. e4 dxe4 58. Rxg5 Rc8 59. Rxa5 Rc3 60. Re5 Ra3 61. Rxe4 Rxa4 62. Rxg4 Ra3 
63. Rg5 Ke6 64. Re5+ Kf6 65. g4 Rh3 66. f3 Rh1 67. Ke3 Rd1 68. g5+ Kg6 
69. Ke4 Re1+ 70. Kf4 Rd1 71. Re6+ Kf7 72. Rf6+ Kg7 73. Ke5 Rg1 74. f4 Re1+ 
75. Kd6 Re4 76. d5 Rd4 77. Ke6 Re4+ 78. Kd7 
1-0

[Event "34th Chess Olympiad (men)"]
[Site "Istanbul"]
[Date "2000.11.08"]
[Round "11.30.2"]
[White "Mosquera, Miguel"]
[Black "Mok, Tze-Meng"]
[WhiteElo "2333"]
[BlackElo "2308"]
[WhiteCountry "COL"]
[BlackCountry "MAS"]
[Result "1-0"]

1. e4 g6 2. d4 Bg7 3. Nc3 c6 4. Nf3 d5 5. h3 f6 6. Be3 Nh6 7. Qd2 Nf7 
8. O-O-O O-O 9. Kb1 b6 10. h4 Bb7 11. Bd3 Nd7 12. h5 g5 13. h6 Bh8 
14. exd5 cxd5 15. Bxh7+ 
1-0

[Event "34th Chess Olympiad (men)"]
[Site "Istanbul"]
[Date "2000.11.08"]
[Round "11.30.3"]
[White "Wong, Zi Jing"]
[Black "Uribe, Mauricio"]
[WhiteElo "2300"]
[BlackElo "2293"]
[WhiteCountry "MAS"]
[BlackCountry "COL"]
[Result "0-1"]

1. e4 c5 2. Nf3 Nc6 3. d4 cxd4 4. Nxd4 Nf6 5. Nc3 e5 6. Ndb5 d6 7. Bg5 a6 
8. Na3 b5 9. Bxf6 gxf6 10. Nd5 f5 11. Bd3 Be6 12. O-O Bxd5 13. exd5 Ne7 
14. c4 Bg7 15. Be2 e4 16. Qd2 O-O 17. cxb5 axb5 18. Nxb5 Ng6 19. a4 Be5 
20. f4 exf3 21. Rxf3 f4 22. Rh3 Kh8 23. Bd3 Rg8 24. Kh1 f5 25. Qf2 Qf6 
26. Rh5 Ne7 27. Bc2 Rg4 28. Ra3 Rag8 29. Rah3 R8g7 30. a5 Kg8 31. a6 Rxg2 
32. Qxg2 Rxg2 33. a7 Rg1+ 34. Kxg1 Bd4+ 35. Kf1 Bxa7 36. Nxa7 Qxb2 37. Bd3 Qa1+ 
38. Kg2 Qa2+ 39. Kf1 Qxa7 40. Rxh7 Qa1+ 41. Kg2 Qa2+ 42. Kf1 Nxd5 43. Be2 Ne3+ 
44. Ke1 Qb1+ 45. Kf2 Ng4+ 46. Bxg4 fxg4 47. Rh8+ Kg7 48. R3h5 Qc2+ 49. Kf1 f3 
50. Re8 Qg2+ 
0-1

[Event "34th Chess Olympiad (men)"]
[Site "Istanbul"]
[Date "2000.11.08"]
[Round "11.30.4"]
[White "Renteria, Jorge"]
[Black "Chuah, Jin Hai Jonath"]
[WhiteElo "2271"]
[BlackElo "2180"]
[WhiteCountry "COL"]
[BlackCountry "MAS"]
[Result "0-1"]

1. e4 c5 2. Nf3 d6 3. d4 cxd4 4. Nxd4 Nf6 5. Nc3 a6 6. Bg5 e6 7. f4 Be7 
8. Qf3 Qc7 9. O-O-O Nbd7 10. Be2 b5 11. Bxf6 Nxf6 12. e5 Bb7 13. Qg3 dxe5 
14. fxe5 Nd7 15. Bxb5 axb5 16. Ndxb5 Qc5 17. Qxg7 O-O-O 18. Qxf7 Nxe5 
19. Qxe6+ Kb8 20. Qh3 Nc4 21. Qg3+ Qe5 22. Rxd8+ Rxd8 23. Qxe5+ Nxe5 
24. Re1 Bg5+ 25. Kb1 Nc4 26. b3 Ne3 27. g3 Rd2 28. Re2 Rxe2 29. Nxe2 h5 
30. a4 Nf1 31. h4 Bd2 32. Nbd4 Be1 33. Kb2 Nxg3 34. Nf4 Bd2 35. Nde6 Bf3 
36. c3 Nf5 37. b4 Nxh4 38. Kc2 Be3 39. Kd3 Nf5 40. c4 h4 41. a5 Bg2 42. b5 h3 
43. Nxh3 Bxh3 44. c5 Bg1 45. Kc3 Nd6 46. Nf4 Nxb5+ 47. Kc4 Bf1+ 48. Kd5 Nc7+ 
49. Kc6 Be3 50. Ng6 Bg2+ 51. Kd7 Bxc5 
0-1

[Event "34th Chess Olympiad (men)"]
[Site "Istanbul"]
[Date "2000.11.08"]
[Round "11.31.1"]
[White "Nilssen, John Arni"]
[Black "Dao, Thien Hai"]
[WhiteElo "2354"]
[BlackElo "2555"]
[WhiteCountry "FAI"]
[BlackCountry "VIE"]
[Result "1/2-1/2"]

1. d4 d5 2. c4 e6 3. Nf3 c6 4. e3 Nf6 5. Nc3 Nbd7 6. Bd3 dxc4 7. Bxc4 b5 
8. Be2 a6 9. e4 Bb4 10. e5 Ne4 11. Qc2 Nxc3 12. bxc3 Be7 13. O-O Bb7 14. a4 Rc8 
15. Qe4 O-O 16. axb5 axb5 17. Bxb5 cxb5 18. Qxb7 Nb6 19. Ra7 Re8 20. Ba3 Nd5 
21. Bd6 h6 22. Nd2 Rxc3 23. Ne4 Rd3 24. Bc5 b4 25. Nd6 Rf8 26. Qb5 Ra3 
27. Rxa3 bxa3 28. Bxa3 Qa8 29. Bc5 Rb8 30. Qe2 
1/2-1/2

[Event "34th Chess Olympiad (men)"]
[Site "Istanbul"]
[Date "2000.11.08"]
[Round "11.31.2"]
[White "Nguyen, Anh"]
[Black "Olsen, Heini"]
[WhiteElo "2487"]
[BlackElo "2313"]
[WhiteCountry "VIE"]
[BlackCountry "FAI"]
[Result "1-0"]

1. d4 Nf6 2. c4 e6 3. Nc3 Bb4 4. Qc2 O-O 5. a3 Bxc3+ 6. Qxc3 b6 7. Bg5 Ba6 
8. e3 d6 9. Bd3 Nbd7 10. Ne2 c5 11. Qc2 h6 12. Bh4 Rc8 13. Qa4 Bb7 14. O-O Qc7 
15. Nc3 Qb8 16. Rfc1 Qa8 17. Bf1 Bc6 18. Qd1 Rfe8 19. b4 cxd4 20. Qxd4 d5 
21. cxd5 exd5 22. f3 Re6 23. Ne2 Rce8 24. Bf2 Ne5 25. Qd1 Rd6 26. Nd4 Bd7 
27. Bg3 a6 28. Rc7 g6 29. Rac1 Nh5 30. Bf2 Ng7 31. Bg3 Nh5 32. Bf2 Ng7 
33. h3 Qb8 34. Bg3 Qa8 35. b5 axb5 36. Nxb5 Rc6 37. Bxe5 Rxc1 38. Qxc1 
1-0

[Event "34th Chess Olympiad (men)"]
[Site "Istanbul"]
[Date "2000.11.08"]
[Round "11.31.3"]
[White "Naes, Flovin Tor"]
[Black "Tu Hoang, Thong"]
[WhiteElo "2271"]
[BlackElo "2514"]
[WhiteCountry "FAI"]
[BlackCountry "VIE"]
[Result "0-1"]

1. e4 Nf6 2. e5 Nd5 3. d4 d6 4. c4 Nb6 5. f4 dxe5 6. fxe5 Nc6 7. Be3 Bf5 
8. Nc3 e6 9. Nf3 Be7 10. Be2 O-O 11. O-O f6 12. exf6 Bxf6 13. Qd2 Qe7 
14. Rad1 Rad8 15. Rfe1 Nb4 16. c5 N6d5 17. Nxd5 Nxd5 18. Bg5 Be4 19. Bxf6 Qxf6 
20. Rf1 Nf4 21. Ne5 Rxd4 22. Ng4 Rxd2 23. Nxf6+ Rxf6 
0-1

[Event "34th Chess Olympiad (men)"]
[Site "Istanbul"]
[Date "2000.11.08"]
[Round "11.31.4"]
[White "Tu Hoang, Thai"]
[Black "Simonsen, Olavur"]
[WhiteElo "2335"]
[BlackElo "2183"]
[WhiteCountry "VIE"]
[BlackCountry "FAI"]
[Result "1/2-1/2"]

1. d4 d5 2. Nf3 Nc6 3. Bf4 Bg4 4. Nbd2 e6 5. c3 Bd6 6. Bg3 Nf6 7. Ne5 Bxe5 
8. dxe5 Nh5 9. Qa4 Nxg3 10. hxg3 Bf5 11. e4 dxe4 12. Ba6 O-O 13. Bxb7 Nxe5 
14. Bxa8 Nd3+ 15. Ke2 Qxa8 16. Nc4 Bg6 17. Rad1 Kh8 18. Rd2 Rd8 19. Ne3 Rd6 
20. Rhd1 h6 21. Kf1 Kh7 22. Kg1 Qb7 23. Qc2 Qa6 24. b3 f5 25. Nc4 Rd5 
26. Ne3 Rd6 27. Nc4 Rd5 28. Ne3 Rd6 
1/2-1/2

[Event "34th Chess Olympiad (men)"]
[Site "Istanbul"]
[Date "2000.11.08"]
[Round "11.32.1"]
[White "Sarsam, Abdulla"]
[Black "Lungu, Nase"]
[WhiteElo "2423"]
[BlackElo "2200"]
[WhiteCountry "IRQ"]
[BlackCountry "ZAM"]
[Result "0-1"]

1. e4 e5 2. Nf3 Nc6 3. Bc4 Bc5 4. d3 Nf6 5. O-O d6 6. Bb3 h6 7. c3 O-O 
8. Nbd2 a6 9. Re1 Re8 10. Nf1 Ba7 11. Ng3 Ne7 12. d4 Ng6 13. h3 c5 14. Bc2 cxd4 
15. cxd4 exd4 16. b3 Ne5 17. Bb2 Nxf3+ 18. Qxf3 Nd7 19. Ne2 Ne5 20. Qg3 d3 
21. Bxd3 Qf6 22. Nd4 Nxd3 23. Qxd3 Bd7 24. Rad1 Rad8 25. Ba1 Qg6 26. Kh2 Bb8 
27. f4 f6 28. Qc4+ Kh8 29. Qd5 Bc8 30. Bb2 Ba7 31. Ba3 Bxd4 32. Qxd4 Bd7 
33. f5 Qg5 34. Bc1 Qh4 35. Qxd6 Bc6 36. Qxd8 Rxd8 37. Rxd8+ Kh7 38. Re2 Bb5 
39. Re3 Qf4+ 40. Rg3 Qxc1 41. a4 Qc7 42. Rf8 Bc6 43. e5 Qe7 44. exf6 Qxf8 
45. fxg7 Qg8 
0-1

[Event "34th Chess Olympiad (men)"]
[Site "Istanbul"]
[Date "2000.11.08"]
[Round "11.32.2"]
[White "Chumfwa, Stanley"]
[Black "Ali, Mohammed"]
[WhiteElo "2200"]
[BlackElo "2307"]
[WhiteCountry "ZAM"]
[BlackCountry "IRQ"]
[Result "1/2-1/2"]

1. Nf3 Nf6 2. c4 c6 3. d4 d6 4. g3 Nbd7 5. Bg2 e5 6. Nc3 Be7 7. O-O O-O 
8. e4 Qc7 9. h3 Re8 10. Be3 Bf8 11. Qc2 a6 12. a4 a5 13. Rad1 g6 14. Rfe1 exd4 
15. Nxd4 Nc5 16. f4 Nfd7 17. Bf2 Na6 18. g4 Ndc5 19. Nf3 Be6 20. Qe2 Bg7 
21. Nd4 Rad8 22. Kh1 Bc8 23. Bh4 f6 24. Qf3 Qf7 25. b3 Rd7 26. f5 g5 
27. Bg3 Bf8 28. Qf2 Nb4 29. Re3 Rdd8 30. Qe2 Qc7 31. Na2 Nba6 32. Qd2 b6 
33. Qc3 Bb7 34. Qc2 Qf7 35. Rde1 Nb8 36. b4 axb4 37. Nxb4 Qc7 38. Ra1 Nbd7 
39. Rea3 Ne5 40. Rb1 Ra8 41. Nf3 Qf7 42. Rc1 Ra5 43. Nd4 Qc7 44. Rca1 Rc8 
45. Nb3 Ra7 46. Nxc5 bxc5 47. Nd3 Ba6 48. Nxe5 dxe5 49. Rb1 Rb8 
1/2-1/2